[Event "Moravia-chT 9900"]
[Site "?"]
[Date "1999.??.??"]
[Round "2"]
[White "Pisk Petr"]
[Black "Hrivnak Daniel"]
[Result "1-0"]
[WhiteElo "2419"]
[BlackElo "2304"]
[PlyCount "105"]
[EventDate "1999.??.??"]
[Source "www.chesslib.no"]
[SourceDate "2004.05.04"]

1. e4 e6 2. b3 d5 3. Qe2 dxe4 4. Qxe4 Nf6 5. Qe2 Bd6 6. d4 O-O 7. Nf3 Nbd7 8. Bb2 c5 9. dxc5 Bxc5 10. Nc3 Qe7 11. O-O-O Ba3 12. Nd4 Nb6 13. f4 Nfd5 14. Nxd5 Nxd5 15. Qf3 a5 16. c3 Bd7 17. Bc4 Nb6 18. Bd3 Rfc8 19. Qe4 f5 20. Qe1 a4 21. Nc2 Bxb2+ 22. Kxb2 axb3 23. axb3 Nd5 24. Bxf5 Nxc3 25. Rxd7 Ra2+ 26. Kc1 Rxc2+ 27. Kxc2 Ne2+ 28. Kb1 Qxd7 29. Bxh7+ Kxh7 30. Qxe2 Rc3 31. Rd1 Rxb3+ 32. Kc2 Qb5 33. Qe4+ g6 34. Rd7+ Kh6 35. Qd4 Rb2+ 36. Qxb2 Qxd7 37. Qh8+ Qh7 38. Qf8+ Qg7 39. Qd6 Qf6 40. g4 Qf7 41. h4 Qe8 42. Kc3 Qc8+ 43. Kd4 b5 44. Ke5 Qb7 45. Kxe6 Qc8+ 46. Kf7 Qc4+ 47. Kf6 Qc3+ 48. Ke6 Qc8+ 49. Kf7 Qc4+ 50. Ke7 Kh7 51. f5 gxf5 52. g5 Qxh4 53. Kf6 1-0

[Event "AUT Team Ch playoff"]
[Site "Austria"]
[Date "1990.??.??"]
[Round "?"]
[White "Baumgartner, Heinz"]
[Black "Dueckstein, Andreas"]
[Result "1/2-1/2"]
[WhiteElo "2350"]
[BlackElo "2370"]
[PlyCount "85"]
[EventDate "1990.??.??"]
[Source "www.chesslib.no"]
[SourceDate "2004.05.04"]

1. e4 e6 2. b3 d5 3. Bb2 dxe4 4. Nc3 Nf6 5. Qe2 Be7 6. Nxe4 Nxe4 7. Qxe4 Bf6 8. Bxf6 Qxf6 9. d4 Qg6 10. Bd3 Qxe4+ 11. Bxe4 Nd7 12. O-O-O Nf6 13. Bf3 O-O 14. Ne2 Rb8 15. Nc3 a6 16. Rhe1 Rd8 17. Ne4 Nxe4 18. Bxe4 Bd7 19. d5 exd5 20. Rxd5 c6 21. Rd4 Be8 22. Red1 Rxd4 23. Rxd4 Kf8 24. Kd2 Ke7 25. Ke3 h6 26. a4 a5 27. h4 Bd7 28. Kf4 Be6 29. Rd3 g6 30. Rd2 Rg8 31. g3 Kf6 32. Rd4 Re8 33. b4 g5+ 34. hxg5+ hxg5+ 35. Kf3 Ke5 36. Ke3 axb4 37. Rxb4 f5 38. Bd3 Kd6 39. Kd2 Re7 40. a5 Rc7 41. Ke3 Re7 42. Kd2 Rc7 43. Ke3 1/2-1/2

[Event "Mondariz Open 7th"]
[Site "?"]
[Date "2000.08.03"]
[Round "9"]
[White "Fernando Diogo"]
[Black "De la Villa Garcia Jesus Mari"]
[Result "1/2-1/2"]
[WhiteElo "2257"]
[BlackElo "2458"]
[PlyCount "85"]
[EventDate "2000.??.??"]
[Source "www.chesslib.no"]
[SourceDate "2004.05.04"]

1. e4 e6 2. b3 d5 3. Bb2 Nf6 4. e5 Ng8 5. d4 c5 6. c3 Nc6 7. Nf3 f6 8. Bd3 fxe5 9. Nxe5 Nxe5 10. dxe5 Nh6 11. O-O Bd7 12. c4 d4 13. Qh5+ g6 14. Qh3 Qc7 15. Bc1 Nf7 16. f4 O-O-O 17. Nd2 Kb8 18. Ne4 Bc8 19. Bd2 Be7 20. Rab1 Rdg8 21. Ng5 Nxg5 22. fxg5 Bf8 23. Qg3 Bg7 24. Rfe1 Bf8 25. Re2 Be7 26. b4 Rf8 27. b5 Rf7 28. a4 Rhf8 29. a5 Bd8 30. h3 Qe7 31. a6 Bb6 32. Ra1 Kc7 33. Be4 bxa6 34. bxa6 Kd8 35. Qa3 Qc7 36. Qg3 Ke8 37. h4 Kd8 38. Bf3 Rxf3 39. gxf3 Bd7 40. Re4 Rf5 41. f4 Bc6 42. Ree1 Ke8 43. Re2 1/2-1/2

[Event "CZE Team Ch qual"]
[Site "Czech Republic"]
[Date "1995.??.??"]
[Round "2"]
[White "Jakubiec, Artur"]
[Black "Kucera, Petr"]
[Result "0-1"]
[WhiteElo "2410"]
[BlackElo "2305"]
[PlyCount "66"]
[EventDate "1995.??.??"]
[Source "www.chesslib.no"]
[SourceDate "2004.05.04"]

1. e4 e6 2. b3 d5 3. Bb2 dxe4 4. Nc3 Nf6 5. g4 h6 6. Bg2 Bd7 7. Qe2 Bc6 8. O-O-O Nbd7 9. f3 exf3 10. Nxf3 Bxf3 11. Bxf3 c6 12. h4 Qa5 13. a4 O-O-O 14. Rhg1 Nd5 15. g5 hxg5 16. hxg5 Nf4 17. Qf1 Bd6 18. Ne4 Be5 19. Ba3 Nb6 20. Nc5 Nbd5 21. Qc4 b5 22. Qe4 b4 23. Nd3 Nxd3+ 24. cxd3 bxa3 25. Qxe5 Qb6 26. Rdf1 Nb4 27. Be4 Rd5 28. Qxg7 Qc5+ 29. Kd1 Rh2 30. Rg2 Rxg2 31. Bxg2 Qc2+ 32. Ke1 Nxd3+ 33. Ke2 Nc1+ 0-1

[Event "Open"]
[Site "?"]
[Date "2002.05.08"]
[Round "6"]
[White "Vozovic Oksana"]
[Black "Zatonskih Anna"]
[Result "0-1"]
[WhiteElo "2297"]
[BlackElo "2418"]
[PlyCount "46"]
[EventDate "2002.??.??"]
[Source "www.chesslib.no"]
[SourceDate "2004.05.04"]

1. e4 e6 2. b3 c5 3. Bb2 b6 4. c4 Bb7 5. Nc3 Nc6 6. Nf3 Nf6 7. Be2 a6 8. O-O Qc7 9. Re1 h5 10. Bf1 Ng4 11. Ne2 Bd6 12. g3 h4 13. Bg2 hxg3 14. fxg3 O-O-O 15. d3 f5 16. Qd2 Rh7 17. Nf4 Nce5 18. Nxe5 Bxe5 19. h3 Bxb2 20. Qxb2 g5 21. exf5 gxf4 22. hxg4 f3 23. f6 Qxg3 0-1

[Event "Wch U16"]
[Site "Oropesa del Mar"]
[Date "1999.10.28"]
[Round "5"]
[White "Mastrovasilis, Dimitrios"]
[Black "Szymanski, Marcin"]
[Result "1-0"]
[WhiteElo "2384"]
[BlackElo "2327"]
[PlyCount "53"]
[EventDate "1999.10.24"]
[Source "ChessBase"]
[SourceDate "1999.11.18"]

1. e4 e6 2. b3 d5 3. Bb2 dxe4 4. Nc3 Nf6 5. Qe2 Be7 6. O-O-O Bd7 7. g4 c5 8. g5 Nd5 9. Nxe4 Qa5 10. c4 Nb4 11. a3 N4c6 12. Nf3 Nd4 13. Nxd4 cxd4 14. b4 Qa4 15. Qd3 Nc6 16. Qc2 Qxc2+ 17. Kxc2 e5 18. h4 f6 19. gxf6 gxf6 20. d3 Nd8 21. Re1 Ne6 22. Bh3 Nf4 23. Bxd7+ Kxd7 24. Bc1 Nh5 25. f4 exf4 26. Ref1 Rhg8 27. Bxf4 1-0

[Event "Sibenik"]
[Site "?"]
[Date "2006.09.28"]
[Round "7.3"]
[White "Repkova Eva"]
[Black "Cosma Elena Luminita"]
[Result "1/2-1/2"]
[WhiteElo "2351"]
[BlackElo "2355"]
[PlyCount "39"]
[EventDate "2006.??.??"]
[Source "www.chesslib.no"]
[SourceDate "2004.05.04"]

1. e4 e6 2. b3 d5 3. Bb2 dxe4 4. Nc3 Nf6 5. Qe2 Bb4 6. O-O-O Qe7 7. Nxe4 Ba3 8. Nxf6+ Qxf6 9. d4 Bxb2+ 10. Kxb2 O-O 11. Nf3 Rd8 12. Qe4 c5 13. Bd3 g6 14. Qe5 Qxe5 15. dxe5 Nc6 16. Be4 Bd7 17. Rd6 Kf8 18. Rhd1 Ke7 19. g3 h6 20. Kc3 1/2-1/2

[Event "Sao Paulo"]
[Site "Sao Paulo BRA"]
[Date "1977.??.??"]
[Round "13"]
[White "Van Riemsdijk, Herman C"]
[Black "Camara, Helder"]
[Result "1/2-1/2"]
[WhiteElo "2385"]
[BlackElo "2320"]
[PlyCount "48"]
[EventDate "1977.05.??"]
[Source "www.chesslib.no"]
[SourceDate "2004.05.04"]

1. e4 e6 2. b3 d5 3. Bb2 dxe4 4. Nc3 Nf6 5. g4 h6 6. Qe2 Nc6 7. Nxe4 Nxe4 8. Qxe4 Qd5 9. f3 Qxe4+ 10. fxe4 e5 11. Bb5 Bd7 12. Nf3 f6 13. Rg1 Bc5 14. Rg2 O-O-O 15. Bxc6 Bxc6 16. d3 Bd7 17. Re2 Rdg8 18. Bc1 g5 19. Be3 Bxe3 20. Rxe3 h5 21. h3 hxg4 22. hxg4 Rh3 23. Kf2 Rgh8 24. Rg1 Kd8 1/2-1/2

[Event "Najdorf final KO"]
[Site "Buenos Aires"]
[Date "2000.09.10"]
[Round "1.2"]
[White "Rossetto, Hector"]
[Black "Pereyra Arcija, Diego"]
[Result "1/2-1/2"]
[WhiteElo "2285"]
[BlackElo "2417"]
[PlyCount "70"]
[EventDate "2000.09.09"]
[Source "ChessBase"]
[SourceDate "2000.11.21"]

1. e4 e6 2. b3 d5 3. Bb2 c5 4. g3 Nc6 5. Bg2 Nf6 6. e5 Ng8 7. f4 h5 8. Nf3 Nh6 9. Nc3 Nf5 10. O-O b6 11. a4 Bb7 12. Qe2 h4 13. g4 Nfd4 14. Nxd4 Nxd4 15. Qd1 h3 16. Bf3 c4 17. Nb5 Nxb5 18. axb5 Qd7 19. bxc4 dxc4 20. Ba3 Rh4 21. Bxf8 Kxf8 22. Kf2 Rh7 23. Bxb7 Qxb7 24. Qf3 Qxf3+ 25. Kxf3 Rd8 26. Ke3 Rh4 27. g5 Rg4 28. Rf3 g6 29. Rxa7 Rg2 30. Rf2 Rxf2 31. Kxf2 Rxd2+ 32. Kg3 Rxc2 33. Kxh3 Rb2 34. Rc7 Rxb5 35. Rxc4 Rb3+ 1/2-1/2